郡内最多人口の町村 北海道・東北編(1950/60) - Statistics

General Stats
  • This quiz has been taken 20 times
  • The average score is 76 of 195
Answer Stats
都道府県 年代 郡・支庁 人口 Answer 備考 % Correct
渡島支庁 24294
73%
上北郡 17447 野辺地
73%
稗貫郡 22388 花巻 1954年合併/市制
73%
胆沢郡 18924 水沢 1954年合併/市制
73%
紫波郡 29327 紫波
73%
檜山支庁 15366 江差
67%
西津軽郡 7233 深浦
67%
三戸郡 11157 五戸
67%
北津軽郡 21860 板柳
67%
三戸郡 22264 五戸
67%
和賀郡 16014 黒沢尻 1954年合併/市制
67%
西磐井郡 6838 平泉 1953年町制
67%
気仙郡 8008 大船渡 1952年合併/市制
67%
西磐井郡 22094 花泉 2005年合併
67%
伊具郡 12116 角田 1958年市制
67%
後志支庁 26396 余市
60%
後志支庁 28659 余市
60%
南津軽郡 11315 大鰐
60%
北津軽郡 12393 五所川原 1954年合併/市制
60%
1960 東津軽郡 18836 平内
60%
下閉伊郡 8374 山田
60%
九戸郡 11096 種市 1951年町制
60%
和賀郡 19138 和賀 1991年合併
60%
気仙郡 12619 住田
60%
上閉伊郡 20004 大槌
60%
下閉伊郡 27813 岩泉
60%
九戸郡 17672 軽米
60%
17625 種市 2006年合併
60%
二戸郡 26228 一戸
60%
柴田郡 11627 大河原
60%
名取郡 11370 岩沼 1971年市制
60%
遠田郡 17426 涌谷
60%
柴田郡 23515 柴田
60%
亘理郡 27277 亘理
60%
名取郡 26452 岩沼 1971年市制
60%
遠田郡 23604 涌谷
60%
十勝支庁 21893 音更 1953年町制
53%
10518 枝幸
53%
渡島支庁 25111 八雲
53%
十勝支庁 23699 音更
53%
宗谷支庁 11913 枝幸
53%
下北郡 22072 田名部 1959年合併/市制
53%
南津軽郡 25574 平賀 2006年合併/市制
53%
二戸郡 8848 浄法寺 2006年合併
53%
1960 岩手郡 23230 岩手
53%
胆沢郡 20778 胆沢 1967年町制
53%
宮城県 1950 刈田郡 17792 白石 1954年合併/市制
53%
14659 多賀城 1951年町制
53%
志田郡 17668 古川 1950年合併/市制
53%
玉造郡 9016 岩出山 2006年合併
53%
牡鹿郡 16475 女川
53%
1960 刈田郡 15901 蔵王
53%
伊具郡 26740 丸森
53%
宮城郡 21047 多賀城 1971年市制
53%
黒川郡 20163 大和
53%
玉造郡 20753 岩出山 2006年合併
53%
栗原郡 22198 栗駒 2005年合併/市制
53%
牡鹿郡 18002 女川
53%
北秋田郡 27240 鷹巣 2005年合併/市制
53%
西村山郡 25775 河北
53%
空知支庁 58547 芦別 1953年市制
47%
上川支庁 23131 名寄 1956年市制
47%
胆振支庁 24203 伊達 1972年市制
47%
根室支庁 20222 根室 1957年合併/市制
47%
21915 浦河
47%
20770 白糠
47%
根室支庁 21878 別海 1971年町制
47%
西津軽郡 29105 木造 2005年合併/市制
47%
中津軽郡 14516 岩木 1961年町制
47%
岩手県 1950 岩手郡 17371 松尾 2005年合併
47%
稗貫郡 16743 石鳥谷 2006年合併
47%
東磐井郡 27551 大東 2005年合併
47%
桃生郡 16857 矢本 2005年合併/市制
47%
本吉郡 21213 気仙沼 1953年合併/市制
47%
加美郡 15865 中新田 2003年合併
47%
登米郡 24815 2005年合併/市制
47%
秋田県 1950 鹿角郡 13156 花輪 1972年合併/市制
47%
13109 小坂
47%
1960 鹿角郡 20826 花輪 1972年合併/市制
47%
河辺郡 14712 河辺 2005年合併
47%
仙北郡 17862 角館 2005年合併/市制
47%
山形県 1950 南村山郡 16222 上山 1954年合併/市制
47%
東村山郡 10539 天童 1958年市制
47%
西村山郡 14980 寒河江 1954年合併/市制
47%
大沼郡 6991 高田 1955年合併
47%
網走支庁 23046 紋別 1954年合併/市制
40%
宗谷支庁 11155 豊富 1959年町制
40%
留萌支庁 17644 羽幌
40%
上川支庁 29253 富良野 1966年合併/市制
40%
20185 厚岸
40%
留萌支庁 28168 羽幌
40%
7219 車力 2005年合併/市制
40%
下北郡 13172 大畑 2005年合併
40%
江刺郡 9449 岩谷堂 1955年合併/市制
40%
宮城郡 15333 松島
40%
北秋田郡 23444 大館 1951年合併/市制
40%
由利郡 19143 本荘 1954年合併/市制
40%
平鹿郡 26988 横手 1951年合併/市制
40%
雄勝郡 17465 湯沢 1954年合併/市制
40%
南秋田郡 20025 五城目
40%
17074 田沢湖 2005年合併/市制
40%
平鹿郡 20850 平鹿 2005年合併
40%
雄勝郡 27716 羽後
40%
西置賜郡 13440 長井 1954年合併/市制
40%
飽海郡 6385 遊佐
40%
飽海郡 23928 遊佐
40%
最上郡 16856 真室川
40%
16833 最上
40%
石川郡 8702 石川
40%
安達郡 18227 本宮 2007年合併/市制
40%
石川郡 24493 石川
40%
北海道 1950 石狩支庁 37209 豊平 1961年合併
33%
檜山支庁 13125 上ノ国 1967年町制
33%
日高支庁 15610 門別 1952年町制
33%
15496 静内
33%
1960 石狩支庁 77312 豊平 1961年合併
33%
空知支庁 28431 上砂川
33%
日高支庁 22095 静内 2006年合併
33%
網走支庁 26207 美幌
33%
上北郡 24790 大三沢 1958年市制
33%
亘理郡 11527 山下 1955年合併/町制
33%
本吉郡 17800 志津川 2005年合併
33%
仙北郡 15325 大曲 1954年合併/市制
33%
由利郡 14966 象潟 2005年合併/市制
33%
北村山郡 19943 東根 1958年市制
33%
10299 金山
33%
東田川郡 9125 余目 2005年合併
33%
1960 東田川郡 21900 余目 2005年合併
33%
北村山郡 14250 大石田
33%
東村山郡 15844 山辺
33%
東置賜郡 32136 高畠
33%
西置賜郡 24772 白鷹
33%
安達郡 11880 二本松 1958年市制
33%
岩瀬郡 25095 須賀川 1954年合併/市制
33%
南会津郡 9822 田島 2006年合併
33%
耶麻郡 17767 喜多方 1954年合併/市制
33%
河沼郡 7774 坂下 1955年合併
33%
双葉郡 8174 浪江
33%
南会津郡 20703 田島 2006年合併
33%
耶麻郡 26058 猪苗代
33%
双葉郡 25234 浪江
33%
釧路国支庁 17779 阿寒 1957年町制
27%
胆振支庁 29100 幌別 1970年市制
27%
釧路支庁 20997 阿寒 2005年合併
27%
7724 大原 1955年合併
27%
11572 槻木 1956年合併
27%
11110 船岡 1956年合併
27%
加美郡 12228 小野田 2003年合併
27%
栗原郡 12204 若柳 2005年合併/市制
27%
志田郡 13115 鹿島台 2006年合併
27%
福島県 1950 信夫郡 8745 飯坂 1964年合併
27%
伊達郡 10079 川俣
27%
東白川郡 8077 鮫川
27%
西白河郡 11438 西郷
27%
1960 信夫郡 26089 飯坂 1964年合併
27%
伊達郡 25983 川俣
27%
岩瀬郡 8694 鏡石 1962年町制
27%
河沼郡 25867 会津坂下
27%
東白川郡 18755 棚倉
27%
西白河郡 16199 矢吹
27%
田村郡 29973 船引 2005年合併/市制
27%
相馬郡 17691 小高 2006年合併
27%
青森県 1950 東津軽郡 9790 小湊 1955年合併
20%
紫波郡 7133 志和 1955年合併
20%
山本郡 19720 二ツ井 2006年合併
20%
東置賜郡 11330 宮内 1967年合併/市制
20%
田村郡 10117 三春
20%
石城郡 37082 内郷 1954年市制
20%
7205 稲垣 2005年合併/市制
13%
東磐井郡 7756 興田 1955年合併
13%
桃生郡 22356 河南 2005年合併
13%
南秋田郡 16865 船川港 1954年合併/市制
13%
14855 谷地 1954年合併
13%
西田川郡 11376 温海 2005年合併
13%
西田川郡 20382 温海 2005年合併
13%
相馬郡 20920 中村 1954年合併/市制
13%
北会津郡 8287 北会津 2004年合併
13%
大沼郡 21756 会津高田 2005年合併
13%
中津軽郡 7383 千年 1955年合併
7%
7381 新和 1955年合併
7%
上閉伊郡 19186 甲子 1955年合併
7%
登米郡 12266 南方 1964年町制
7%
山本郡 7600 鹿渡 1955年合併
7%
14794 大内 1970年町制
7%
6800 新鶴 2005年合併
7%
石城郡 20808 四倉 1966年合併
7%
7252 藤代 1955年合併
0%
黒川郡 6813 大谷 1954年合併
0%
11794 鶯沢 1951年町制
0%
河辺郡 5798 岩見三内 1955年合併
0%
最上郡 10455 東小国 1954年合併/町制
0%
南置賜郡 6648 南原 1955年合併
0%
安積郡 10290 富久山 1965年合併
0%
北会津郡 7373 門田 1955年合併
0%
安積郡 15656 富久山 1965年合併
0%
No matching quizzes found
Score Distribution
Percent of People with Each Score
Percentile by Number Answered
Your Score History
You have not taken this quiz